000 00523nam a2200193Ia 4500
005 20250508163042.0
008 008 250505s9999 xx 000 0 eng d
037 _aTextual
040 _aFEDL
_beng
_cFEDL
041 _aeng
_2eng
084 _a780, ALV
_qFEDL
100 _aAlvin Juliette
_9774633
245 0 _aMusic for the handicaped child
250 _a2nd
260 _aLondon, UK
_bOxford University Press
_c1976
300 _aviii,150p.
942 _cTEXL
_h780, ALV
999 _c1380513
_d1380513